[Event "Loire Cup"]
[Site "Loire"]
[Date "2015.05.10"]
[Round "3.2"]
[White "Graillon, David"]
[Black "Marazian, Antoine"]
[Result "1-0"]
[WhiteElo "1914"]
[BlackElo "1641"]
[PlyCount "107"]
[EventDate "2015.05.10"]
[EventType "team-swiss"]
[EventRounds "3"]
[EventCountry "FRA"]
[SourceTitle "EXT 2016"]
[Source "ChessBase"]
[SourceDate "2015.10.08"]
[SourceVersion "1"]
[SourceVersionDate "2015.10.08"]
[SourceQuality "1"]
[WhiteTeam "Aurec"]
[BlackTeam "EDR"]
[WhiteTeamCountry "FRA"]
[BlackTeamCountry "FRA"]

1. d4 e6 2. c4 Nf6 3. g3 d5 4. Bg2 c6 5. Nf3 Be7 6. 0-0 Nbd7 7. Qc2 0-0 8. b3 h6 9. Bb2 Nh7 10. Ne5 Qc7 11. Nd2 Nxe5 12. dxe5 Qb6 13. Rad1 Bd7 14. e4 Rac8 15. Qb1 d4 16. Bxd4 c5 17. Bc3 Bc6 18. f4 f5 19. exf6 Bxf6 20. e5 Be7 21. Be4 Bxe4 22. Nxe4 Rcd8 23. Qc2 Rxd1 24. Rxd1 Rd8 25. Rxd8+ Qxd8 26. Qd2 Qc7 27. Nd6 Qc6 28. Qg2 Qxg2+ 29. Kxg2 Bxd6 30. exd6 Nf8 31. Kf3 Kf7 32. h4 Nd7 33. g4 g6 34. Ke4 Kf8 35. f5 gxf5+ 36. gxf5 exf5+ 37. Kxf5 Kf7 38. Bd2 h5 39. Bg5 a6 40. Be7 b5 41. cxb5 axb5 42. Ke4 Ke6 43. a4 c4 44. bxc4 bxa4 45. Kd4 Kf5 46. Kc3 Ke4 47. Kb4 Kd4 48. Kxa4 Kxc4 49. Ka5 Kc5 50. Ka6 Kc6 51. Ka7 Nc5 52. Kb8 Nd7+ 53. Kc8 Nb6+ 54. Kd8 1-0